000 00464nam a2200157 i 4500
001 27155
003 ES-MaACL
005 20230906153553.0
007 t|
008 030113s1909 fr ||||1| fre d
100 1 _aAzan, Paul.
_924219
245 1 3 _aLa légion étrangère en Espagne
_b: 1835-1839 /
_cpar Paul Azan.
260 _a[S.l. :
_bs.n.,
_c1909] (
_eParís :
_fHenri Charles-Lavourelle)
300 _a756 p., 2 lám ;
_c24 cm.
852 _aES-MaACL
_jF-6733
999 _c27155
_d27155